000 00717nam a2200205Ii 4500
003 JO-AjNU
008 230605s9999||||xx |||||||||||||| ||und||
040 _aJO-AjNU
_bara
_erda
_cJO-AjNU
041 _aara
050 1 4 _aPJ7858.A24.Z782 1986
100 3 _aتأليف النابلسي،شاكر,
_eauthor
_915741
245 0 0 _aالضوء.. واللعبة: استكناه نقدي لنزار قباني
250 _aط1
264 3 1 _aبيروت:المؤسسة العربية للدراسات والنشر،1986
300 _a656ص
336 _atext
_btxt
_2rdacontent
337 _aunmediated
_bn
_2rdamedia
338 _avolume
_bnc
_2rdacarrier
650 4 _aالشعر العربي - تحليل ونقد 
_915742
999 _aA4516
_c8084
_d8084